00301nam a2200133Ia 4500008004100000041000800041082001900049100001700068245002800085260001400113300000800127365001500135700001700150230718s9999 xx 000 0 und d aeng a620.00452bSRI aSrinath L.S. aReliability Engineering c1998bEwp a250 cRs.b99.00 aSrinath L.S.